International Directory of Company Histories

Guardado en:
Detalles Bibliográficos
Formato: Libro
Lenguaje:inglés
Publicado: New York St. James Press 1996
Edición:1. ed.
Materias:
Etiquetas: Agregar Etiqueta
Sin Etiquetas, Sea el primero en etiquetar este registro!

MARC

LEADER 00000nam a2200000 4500
001 c014351
005 20240325095353.5
020 |a 1-55862-327-2 
041 0 |a eng 
044 |a US 
245 1 0 |a International Directory of Company Histories 
250 |a 1. ed. 
264 1 |a New York  |b St. James Press  |c 1996 
300 |a 771 s. 
610 2 0 |a firmy 
610 2 0 |a spoločnosti obchodné